000 00481nam a2200133Ia 4500
008 160809s9999 xx 000 0 und d
100 _aJerbi, Wassim.
245 2 _aA Routing Protocol Orphan-Leach to Join Orphan Nodes in Wireless Sensor Network
245 _cWassim JERBI, Abderrahmen GUERMAZI and Hafedh TRABELSI.
260 _bComputer Science and Information Technology
260 _cMarch 2016
650 _xINFORMATION TECHNOLOGY
856 _uhttp://airccse.org/V6N51.html
999 _c300075
_d300075